01005 2200193 4500245005900000020001800059250001200077100001800089700002100107700001900128650004300147005001900190260004200209041001400251084000800265300002300273500050600296336000900802 aHarry Potter dan Si Anak TerkutukcJ. K. RowlinghText a9786020680507 aCet. 20 aJ. K. Rowling aRosi L. Simamora aNadira Yasmine aNovel Inggris (dalam Bahasa Indonesia) a20250305102156 aJakartabGramedia Pustaka Utamac2024 aIndonesia a823 a384 hlm. :c20 cm. aMenjadi Harry Potter memang sulit dan sekarang pun tidak lebih mudah ketika ia menjadi pegawai Kementerian Sihir yang kelelahan, suami, dan ayah tiga anak usia sekolahSementara Harry berjuang menghadapi masa lalu yang mengikutinya, putra bungsunya, Albus, harus berjuang menghadapi beban warisan keluarga yang tak pernah ia inginkan. Ketika masa lalu dan masa sekarang melebur, ayah dan anak pun mengetahui fakta yang tidak menyenangkan: terkadang kegelapan datang dari tempat-tempat yang tak terduga. atext